|
|
|
|
| LEADER |
00000nas a2200000 a 4500 |
| 001 |
ssj0000494777 |
| 003 |
WaSeSS |
| 005 |
20200512172242.0 |
| 006 |
m d |
| 007 |
cr n |
| 008 |
110629c20099999xr fr s | 0cze c |
| 010 |
|
|
|a 2011260068
|
| 022 |
|
|
|a 1804-1728
|
| 035 |
|
|
|a (WaSeSS)ssj0000494777
|
| 040 |
|
|
|a ORU
|b eng
|c ORU
|d CUS
|d OCLCQ
|d OCLCF
|d CUS
|d AU@
|d OCLCQ
|d OCLCA
|d WaSeSS
|
| 041 |
0 |
|
|a cze
|a eng
|b eng
|f eng
|
| 042 |
|
|
|a pcc
|
| 050 |
1 |
4 |
|a HD41
|b .J68
|
| 210 |
0 |
|
|a J. Compet.
|b (On-line)
|
| 222 |
|
0 |
|a Journal of Competitiveness
|b (On-line)
|
| 245 |
0 |
0 |
|a Journal of competitiveness
|h [electronic resource].
|
| 260 |
|
|
|a Zlín [Czech Republic] :
|b Univerzita Tomás Bati ve Zlíně Fakulta managementu a ekonomiky
|
| 310 |
|
|
|a Semiannual
|
| 362 |
1 |
|
|a Began with 1/2009.
|
| 506 |
|
|
|a License restrictions may limit access.
|
| 538 |
|
|
|a Mode of access: World Wide Web.
|
| 546 |
|
|
|a Chiefly in Czech, with some articles in English; tables of contents and abstracts available in English.
|
| 588 |
|
|
|a Description based on: 1/2009; title from pdf running title (publisher's Web site, viewed June 29, 2011).
|
| 588 |
|
|
|a Latest issue consulted: 1/2011 (publisher's Web site, viewed June 29, 2011).
|
| 650 |
|
0 |
|a Competition
|v Periodicals.
|
| 650 |
|
7 |
|a Competition.
|2 fast
|0 (OCoLC)fst00871464
|
| 655 |
|
0 |
|a Electronic journals.
|
| 710 |
2 |
|
|a Univerzita Tomáše Bati ve Zlíně.
|b Fakulta managementu a ekonomiky.
|
| 856 |
4 |
0 |
|z Full text available from Research Library: 12/01/2009 to present
|u https://search.proquest.com/publication/1576352
|